Catálogo

El próximo siglo / (Registro nro. 62966)

Detalles MARC
000 -LEADER
fixed length control field 01142cam a2200325 i 4500
001 - CONTROL NUMBER
control field 62966
003 - CONTROL NUMBER IDENTIFIER
control field Mx-PuUPA
005 - DATE AND TIME OF LATEST TRANSACTION
control field 20250715160708.0
008 - FIXED-LENGTH DATA ELEMENTS--GENERAL INFORMATION
fixed length control field 140415s1991 mx gr 000 0 spa d
020 ## - INTERNATIONAL STANDARD BOOK NUMBER
International Standard Book Number 9682317657
040 ## - CATALOGING SOURCE
Original cataloging agency MX-PuUPA
Language of cataloging spa
Description conventions rda
Transcribing agency Mx-PuUPA
Modifying agency Mx-PuUPA
041 1# - LANGUAGE CODE
Language code of text/sound track or separate title spa
-- eng
043 ## - GEOGRAPHIC AREA CODE
Geographic area code n-us---
100 1# - MAIN ENTRY--PERSONAL NAME
Personal name Halberstam, David,
Relator term autor
9 (RLIN) 5355
240 10 - UNIFORM TITLE
Uniform title The next century.
Language of a work Español
245 13 - TITLE STATEMENT
Title El próximo siglo /
Statement of responsibility, etc. por David Halberstam ; traducción de Adriana Sandoval
250 ## - EDITION STATEMENT
Edition statement Primera edición
264 #1 - PRODUCTION, PUBLICATION, DISTRIBUTION, MANUFACTURE, AND COPYRIGHT NOTICE
Place of production, publication, distribution, manufacture México, D.F. :
Name of producer, publisher, distributor, manufacturer Siglo XXI Editores,
Date of production, publication, distribution, manufacture, or copyright notice 1991
300 ## - PHYSICAL DESCRIPTION
Extent 142 páginas ;
Dimensions 18 cm
336 ## - CONTENT TYPE
Content type term texto
Fuente rdacontent
Content type code txt
337 ## - MEDIA TYPE
Media type term sin medio
Source rdamedia
Media type code n
338 ## - CARRIER TYPE
Carrier type term volumen
Source rdacarrier
Carrier type code nc
650 #7 - SUBJECT ADDED ENTRY--TOPICAL TERM
Topical term or geographic name entry element Política internacional
Chronological subdivision Siglo XX
Source of heading or term armarc
650 #7 - SUBJECT ADDED ENTRY--TOPICAL TERM
Topical term or geographic name entry element Política
Geographic subdivision Estados Unidos
General subdivision Historia
Chronological subdivision Siglo XX
Source of heading or term armarc
700 1# - ADDED ENTRY--PERSONAL NAME
Personal name Sandoval, Adriana,
Relator term traductor
765 0# - ORIGINAL LANGUAGE ENTRY
Main entry heading Halberstam, David
Title The next century
Edition Primera edición
Place, publisher, and date of publication Nueva York: William Morrow and Co., 1991
942 ## - ADDED ENTRY ELEMENTS (KOHA)
Source of classification or shelving scheme Dewey Decimal Classification
Koha item type Libro
Classification part 330.973
Item part H57
Existencias
Withdrawn status Lost status Source of classification or shelving scheme Damaged status Not for loan Collection code Home library Current library Shelving location Date acquired Source of acquisition Total Checkouts Full call number Barcode Date last seen Price effective from Koha item type Date last checked out
    Dewey Decimal Classification     General Biblioteca Karol Wojtyla Biblioteca Karol Wojtyla Sala general 24/11/2017 Compra   330.973 H57 1991 97397 05/01/2026 24/11/2017 Libro  
    Dewey Decimal Classification     General Tehuacán Tehuacán Sala general 20/06/2015 Compra   330.973 HAR 1991 509775 08/01/2025 20/06/2015 Libro  
    Dewey Decimal Classification     General Tehuacán Tehuacán Sala general 30/08/2022   1 320.97309 H157 1991 968000000910 08/01/2025 30/08/2022 Libro 02/10/2024